Loir-et-Cher - mort subite - Statistiques

Statistiques générales
  • Ce quiz a été pris 24 fois
  • Le résultat moyen est 9 sur 18
Answers on the Grid
Answers color-coded by a green-red scale on the quiz's grid according to % correct below.
Châteauroux
Bourges
Vendôme
Une frontière avec l'Orne
Le site d'un bombardement Nazi
Châteaubriant
Un champ de bataille de la guerre de 1870
Salbris
Perlis
Mer
Le tombeau d'Henri Ier d'Angleterre
Le château de Chambord
Romorantin
Un aéroport avec des liaisons régulières
Nouan-le-Fuzelier
Boumerdès
Coire
La Loire
Bauchi
Les Blésois
Lambayeque
Le château de Chaumont
Une base d'opération de Jeanne d'Arc
Quaregnon
L'ancienne province d'Orléanais
Blois
Angoche
Des monticoles de roche
L'ancienne résidence du roi de France
Parc naturel du Morvan
Le Controis-en-Sologne
Zanzan
Une partie du comté féodal de Champagne
Fayetteville
Saint-Charles
Le lieu de naissance du roi anglais Stephen
 
Statistiques - réponses
Réponse % Correct
Vendôme
85%
Blois
80%
La Loire
75%
Le plus vaste des châteaux de la Loire,
site du patrimoine mondial
Le château de Chambord
75%
Romorantin
70%
Le château de Blois L'ancienne résidence du roi de France
65%
Riverains de Blois Les Blésois
65%
Le château de Chaumont
60%
Le Controis-en-Sologne
60%
Salbris
60%
L'ancienne province d'Orléanais
55%
Ville Mer
45%
Nouan-le-Fuzelier
35%
Blois, 1429 Une base d'opération de Jeanne d'Arc
30%
Blois, Fréteval (guerre franco-allemande) Un champ de bataille de la guerre de 1870
25%
Une partie du comté féodal de Champagne
25%
Blois, 1940 Le site d'un bombardement Nazi
20%
1135 - 1154 (comté de Blois) Le lieu de naissance du roi anglais Stephen
10%
Aucun quiz correspondant
Distribution des résultats
% des personnes avec chaque résultat
Percentile par nombre de réponses
Votre historique - résultats
Vous n’avez pas pris ce quiz